000 00428nam a2200205Ia 4500
001 12298
003 GE_BSU
008 181216s||||||||xx |||||||||||||| ||und||
020 _a9780061374968
040 _cGE_BSU
080 _a821.111-32
100 _aPicoult, Jodi
245 _aKeeping Faith
260 _aNew York
260 _bAvon
260 _c2000
300 _a502p.18cm.
653 _aKeeping Faith
942 _cBK
999 _c45473
_d45473